| 000 | 00799cam a2200265u 4500 | ||
|---|---|---|---|
| 001 | 10035829 | ||
| 003 | OSt | ||
| 005 | 20140310181636.0 | ||
| 008 | 841120s1893 nyu 000 0 eng | ||
| 010 | _aunk84149193 | ||
| 040 |
_aDLC _cCarP _dDLC |
||
| 050 | 0 | 0 |
_aMT 225 _b.V885 1893 |
| 082 |
_aTR 786.2 _bV86 1939 |
||
| 100 | 1 |
_aCzerny, Carl, _d1791-1857. _91864 |
|
| 240 | 0 | 0 | _aSchule der Geläufigkeit. [from old catalog] |
| 245 | 1 | 4 | _aThe school of velocity, op. 299. |
| 260 |
_aNew York, _bG. Schirmer, _c1893. |
||
| 300 |
_a101 p. : _c30 cm. |
||
| 521 | _aFaculty | ||
| 541 | _j1 | ||
| 562 | _eFor circulation. One copy available in the collection | ||
| 650 | 0 |
_aPiano _vStudies and exercises. _91865 |
|
| 906 |
_a0 _bcbc _cpremunv _du _encip _f19 _gy-gencatlg |
||
| 942 |
_2lcc _cBK-TR _kTR |
||
| 999 |
_c685 _d685 |
||